00251nam a2200085Ia 4500008004100000041000800041100001700049245006400066260003500130241105s9999 xx 000 0 und d aeng aDeshpande A. aCorrection Institute For Hard Core Criminals At Colvale Goa bFinal Year B. Arch, BNCAc1999